[Event "Lichtenberger Sommer 2016"]
[Site "?"]
[Date "2016.08.19"]
[Round "7.80"]
[White "Schiering, Manfred"]
[Black "Wilke, Hans-Peter"]
[Result "1-0"]
[WhiteElo "1671"]
[BlackElo "1613"]
[PlyCount "121"]
[EventDate "2016.??.??"]
[WhiteTeam "vereinslos"]
[BlackTeam "Läufer Reinickendorf"]

1. c4 e5 2. Nc3 Nf6 3. Nf3 Nc6 4. d3 d6 5. g3 Be7 6. Bg2 O-O 7. O-O Rb8 8. a3
a5 9. Rb1 Bd7 10. b4 axb4 11. axb4 Qc8 12. Re1 h6 13. b5 Nd8 14. Qb3 Ne6 15. e3
Nc5 16. Qc2 Bh3 17. Bh1 c6 18. Ba3 Ncd7 19. d4 c5 20. dxc5 dxc5 21. Bb2 g6 22.
Ne4 Nxe4 23. Qxe4 Bf5 24. Qd5 Bxb1 25. Rxb1 Kg7 26. Nxe5 Nxe5 27. Bxe5+ f6 28.
Bxb8 Qxb8 29. Qxb7 Qd6 30. Qd5 Rb8 31. Qxd6 Bxd6 32. b6 Bc7 33. b7 Kf8 34. Rd1
Ke7 35. Bc6 Bd6 36. h4 g5 37. hxg5 hxg5 38. Kg2 Rh8 39. Rh1 Rxh1 40. Kxh1 Ke6
41. f4 gxf4 42. gxf4 Kf5 43. Kg2 Kg4 44. Kf2 Bc7 45. Bf3+ Kf5 46. Kg3 Kg6 47.
Kg4 Kh6 48. Bd5 Kg6 49. Kh4 f5 50. Kg3 Kf6 51. Kf3 Bd6 52. e4 fxe4+ 53. Kxe4
Bc7 54. f5 Ke7 55. Be6 Kd6 56. Bc8 Kc6 57. f6 Bd6 58. Kf5 Kc7 59. Ke6 Bf8 60.
Kf7 Bd6 61. Ke8 1-0

[Event "Lichtenberger Sommer 2016"]
[Site "?"]
[Date "2016.08.19"]
[Round "7.81"]
[White "Günther, Boris"]
[Black "David, Daniel"]
[Result "1-0"]
[WhiteElo "1693"]
[BlackElo "1445"]
[PlyCount "65"]
[EventDate "2016.??.??"]
[WhiteTeam "SF Friedrichshagen"]
[BlackTeam "SC Erkrath"]

1. e4 e5 2. f4 d5 3. exd5 Qxd5 4. Nc3 Qe6 5. fxe5 Qxe5+ 6. Qe2 Qxe2+ 7. Bxe2
Bc5 8. Nf3 Bf5 9. Nd5 Bd6 10. Ne3 Ne7 11. Nxf5 Nxf5 12. O-O Bc5+ 13. Kh1 Nd4
14. Nxd4 Bxd4 15. Bb5+ c6 16. Bc4 Rf8 17. Rf4 Bf6 18. d4 Nd7 19. Bd2 O-O-O 20.
Bb4 c5 21. dxc5 Bxb2 22. Rb1 Be5 23. Re4 f5 24. c6 bxc6 25. Ba6+ Kc7 26. Ba5+
Kd6 27. Rd1+ Ke6 28. Bc4+ Kf6 29. Bxd8+ Rxd8 30. Re2 Bc7 31. Re6+ Kg5 32. Re7
Ne5 33. Rxd8 1-0

[Event "Lichtenberger Sommer 2016"]
[Site "?"]
[Date "2016.08.19"]
[Round "7.82"]
[White "Koerber, Bernhard"]
[Black "Engelhardt, Erhard"]
[Result "1/2-1/2"]
[WhiteElo "1567"]
[BlackElo "1754"]
[PlyCount "114"]
[EventDate "2016.??.??"]
[WhiteTeam "Lasker Steglitz-Wilmersdorf"]
[BlackTeam "SSV Rotation Berlin"]

1. e4 e6 2. d4 d5 3. Nc3 Bb4 4. e5 Qd7 5. a3 Bxc3+ 6. bxc3 b6 7. Bd3 Ba6 8. Nf3
Bxd3 9. cxd3 Ne7 10. O-O Na6 11. Be3 Rc8 12. Qd2 O-O 13. Rfc1 c6 14. c4 Nc7 15.
a4 a6 16. Qe2 Rb8 17. Rcb1 Rb7 18. Ra3 Ng6 19. Rab3 Rfb8 20. c5 b5 21. axb5
axb5 22. Bd2 Ra8 23. Bb4 Rba7 24. Qd1 Ne8 25. Qc1 Ra4 26. Bc3 R8a6 27. Ra1 Rxa1
28. Bxa1 Qa7 29. Bc3 Ra2 30. g3 Ra4 31. Rb1 h6 32. Ra1 Rxa1 33. Qxa1 Qxa1+ 34.
Bxa1 Kf8 35. Bc3 Ke7 36. Nd2 Kd7 37. Nb3 f6 38. f4 Ne7 39. g4 g6 40. h4 f5 41.
g5 h5 42. Kf2 Nc7 43. Ke2 Na6 44. Kd2 Nc8 45. Kc2 Na7 46. Na1 Kc7 47. Kb3 b4
48. Bd2 Nb5 49. Be3 Nc3 50. Nc2 Nb5 51. Nxb4 Nxb4 52. Kxb4 Kb7 53. Bf2 Ka7 54.
Be3 Ka6 55. Bf2 Nc7 56. Be3 Kb7 57. Ka5 Nb5 1/2-1/2

[Event "Lichtenberger Sommer 2016"]
[Site "?"]
[Date "2016.08.19"]
[Round "7.83"]
[White "Wölfert, Jürgen"]
[Black "Kramer, Ralf"]
[Result "1-0"]
[WhiteElo "1834"]
[BlackElo "1559"]
[PlyCount "93"]
[EventDate "2016.??.??"]
[WhiteTeam "BSC Rehberge"]
[BlackTeam "SK Zehlendorf"]

1. c4 e5 2. g3 Nc6 3. e3 f5 4. Bg2 Nf6 5. Ne2 Be7 6. Nbc3 Nb4 7. d3 O-O 8. a3
Nc6 9. b4 a6 10. Bb2 d6 11. Nd5 Kh8 12. O-O Be6 13. Nec3 Rc8 14. Rb1 Qe8 15. b5
Nd8 16. a4 c6 17. Nb6 Qg6 18. Nxc8 Bxc8 19. Bc1 h5 20. h4 Ng4 21. bxa6 bxa6 22.
Rb6 Ne6 23. Bxc6 Bxh4 24. Bg2 Bf6 25. Nd5 h4 26. gxh4 Bxh4 27. f4 Bd8 28. Rb2
Nc5 29. Rf3 e4 30. Rh3+ Kg8 31. d4 Nd3 32. Rd2 Bd7 33. Ba3 Bc6 34. Rxd3 exd3
35. Qxd3 Bxa4 36. c5 Bb5 37. Qc3 dxc5 38. Bxc5 Re8 39. Qb3 Qf7 40. Ne7+ Rxe7
41. Bd5 Nf6 42. Bxf7+ Rxf7 43. Qa2 g6 44. Rh8+ Kxh8 45. Qxf7 Be8 46. Qf8+ Kh7
47. Qd6 1-0

[Event "Lichtenberger Sommer 2016"]
[Site "?"]
[Date "2016.08.19"]
[Round "7.84"]
[White "Ho, Ngoc Hai-Dang"]
[Black "Maple, Shawn"]
[Result "1-0"]
[WhiteElo "1242"]
[BlackElo "1726"]
[PlyCount "57"]
[EventDate "2016.??.??"]
[WhiteTeam "SF Friedrichshagen"]
[BlackTeam "Königsjäger Süd-West"]

1. e4 c5 2. Nf3 d6 3. Bc4 Nc6 4. d4 cxd4 5. Nxd4 Nf6 6. Nc3 a6 7. Nxc6 bxc6 8.
e5 Nd7 9. exd6 exd6 10. O-O Be7 11. Re1 Nf6 12. Qe2 Ra7 13. Be3 c5 14. Rad1 Qb6
15. Bb3 O-O 16. Bg5 h6 17. Bh4 Bd8 18. Qd3 Ne8 19. Nd5 Qb7 20. Bxd8 Kh8 21. Be7
Rg8 22. Nf4 Qb4 23. g3 g5 24. Bxf7 Rg7 25. Ng6+ Kh7 26. Bxe8 Qb7 27. Nf8+ Kh8
28. Bf6 Bh3 29. Qh7# 1-0

[Event "Lichtenberger Sommer 2016"]
[Site "?"]
[Date "2016.08.19"]
[Round "7.85"]
[White "Bahr, Arne"]
[Black "Paris, Gerhard"]
[Result "1/2-1/2"]
[WhiteElo "1646"]
[BlackElo "1486"]
[PlyCount "136"]
[EventDate "2016.??.??"]
[WhiteTeam "SG Turm Kiel"]
[BlackTeam "TSG Oberschöneweide"]

1. f4 d6 2. Nf3 Nf6 3. e3 c5 4. b3 g6 5. Bb2 Bg7 6. Bb5+ Nc6 7. Bxc6+ bxc6 8.
c4 Ba6 9. O-O O-O 10. d3 Rb8 11. Qe2 Qb6 12. Na3 Rfd8 13. Nc2 d5 14. Be5 Rbc8
15. e4 dxe4 16. dxe4 Bh6 17. Bxf6 exf6 18. g3 Bg7 19. Ne3 Rc7 20. Rad1 Rcd7 21.
Rxd7 Rxd7 22. Rd1 Bc8 23. Rxd7 Bxd7 24. Qd3 Qc7 25. Nd1 Bc8 26. Nc3 Bf8 27. Ne2
Bh3 28. Kf2 Qa5 29. Qd2 Qb6 30. Neg1 Bg4 31. Nh4 Qc7 32. h3 Bd7 33. Nhf3 h6 34.
Kg2 Qc8 35. Qc3 Bg7 36. Qd2 Kh7 37. Qd6 Qe8 38. e5 Bf5 39. exf6 Bf8 40. Qd2 Qe4
41. Qe2 g5 42. Qxe4 Bxe4 43. fxg5 hxg5 44. Kf2 Kg6 45. Nd2 Bf5 46. Ke3 Kxf6 47.
Ne4+ Bxe4 48. Kxe4 Ke6 49. g4 Bd6 50. Nf3 f6 51. h4 gxh4 52. Nxh4 a5 53. Nf5
Be5 54. Ne3 Bb2 55. Ng2 Be5 56. Nh4 Bg3 57. Nf3 Bc7 58. Kd3 Bf4 59. Kc2 f5 60.
gxf5+ Kxf5 61. Ne1 Ke4 62. Nd3 Bd6 63. Kc3 Be7 64. a3 Bf6+ 65. Kc2 Bd4 66. b4
cxb4 67. axb4 axb4 68. Nxb4 c5 1/2-1/2

[Event "Lichtenberger Sommer 2016"]
[Site "?"]
[Date "2016.08.19"]
[Round "7.86"]
[White "Schmole-Rostosky, Joachim"]
[Black "Caglar, Ertan"]
[Result "0-1"]
[WhiteElo "1580"]
[BlackElo "1626"]
[PlyCount "88"]
[EventDate "2016.??.??"]
[WhiteTeam "SF SW Merzhausen"]
[BlackTeam "SW Lichtenrade"]

1. e4 c5 2. d3 Nc6 3. Nf3 d6 4. Nbd2 g6 5. g3 Bg7 6. Bg2 Bd7 7. O-O Qc8 8. Re1
Bh3 9. Bh1 Nh6 10. Nf1 Nd4 11. Nxd4 cxd4 12. Nd2 Qc7 13. f3 Rc8 14. Kf2 Bd7 15.
Bg2 Qxc2 16. Qe2 Bb5 17. Nc4 Qxe2+ 18. Kxe2 Bxc4 19. dxc4 Rxc4 20. Kd3 Rc7 21.
Bd2 O-O 22. Rec1 Rfc8 23. Rxc7 Rxc7 24. Rc1 Rxc1 25. Bxc1 e5 26. g4 Kf8 27. g5
Ng8 28. b3 Ke8 29. Ba3 Kd7 30. Bh3+ Kc7 31. Bf1 a6 32. Kc2 Ne7 33. Bc4 f5 34.
h4 fxe4 35. fxe4 b5 36. Be6 a5 37. Bc1 Kc6 38. Bd2 b4 39. Kd3 d5 40. Bc1 Kd6
41. Bf7 dxe4+ 42. Kxe4 Kc5 43. Bd2 Nf5 44. Be1 Nd6+ 0-1

[Event "Lichtenberger Sommer 2016"]
[Site "?"]
[Date "2016.08.19"]
[Round "7.87"]
[White "Richter, Robert"]
[Black "Lange, Malina"]
[Result "1-0"]
[WhiteElo "1542"]
[BlackElo "795"]
[PlyCount "37"]
[EventDate "2016.??.??"]
[WhiteTeam "SV Rüdersdorf"]
[BlackTeam "TuS Makkabi Berlin"]

1. e4 e5 2. Nf3 Nc6 3. Bc4 Bc5 4. c3 Nf6 5. d4 exd4 6. cxd4 Bb4+ 7. Nc3 Nxe4 8.
O-O Bxc3 9. d5 Ne7 10. bxc3 O-O 11. Re1 Nxc3 12. Qd4 Na4 13. Bd3 Nb6 14. Bxh7+
Kxh7 15. Qh4+ Kg8 16. Ng5 Re8 17. Qh7+ Kf8 18. Qh8+ Ng8 19. Nh7# 1-0

[Event "Lichtenberger Sommer 2016"]
[Site "?"]
[Date "2016.08.19"]
[Round "7.88"]
[White "Andersohn, Marco"]
[Black "Spreer, Lutz"]
[Result "1-0"]
[WhiteElo "1300"]
[BlackElo "1651"]
[PlyCount "85"]
[EventDate "2016.??.??"]
[WhiteTeam "SC Weisse Dame (Berlin)"]
[BlackTeam "Burgstädter TSV"]

1. e4 d5 2. exd5 Nf6 3. Bc4 Nxd5 4. Qf3 Nf6 5. Nc3 Nc6 6. a3 Ne5 7. Qf4 Qd6 8.
Nge2 Nxc4 9. Qxc4 a6 10. d4 b5 11. Qd3 Bb7 12. Bf4 Qc6 13. f3 Rd8 14. O-O Qb6
15. Be3 Nd5 16. Nxd5 Bxd5 17. Nf4 Bc4 18. Qe4 Bxf1 19. d5 Qb7 20. Rxf1 g5 21.
Nh5 Rd6 22. Bd4 Rg8 23. Nf6+ Rxf6 24. Bxf6 g4 25. Re1 gxf3 26. Bxe7 Qb6+ 27.
Bc5+ Qe6 28. dxe6 Bxc5+ 29. Kf1 fxg2+ 30. Ke2 g1=Q 31. Rxg1 Rxg1 32. Qc6+ Ke7
33. Qxc5+ Kxe6 34. Qxg1 c6 35. h4 f5 36. h5 Kf6 37. h6 Ke5 38. Qg7+ Ke4 39.
Qxh7 c5 40. Qe7+ Kd4 41. h7 f4 42. h8=Q+ Kd5 43. Qhe5+ 1-0

[Event "Lichtenberger Sommer 2016"]
[Site "?"]
[Date "2016.08.19"]
[Round "7.89"]
[White "Pöltelt, Helmut"]
[Black "Fontaine, Constantin"]
[Result "1-0"]
[WhiteElo "1749"]
[BlackElo "1527"]
[PlyCount "69"]
[EventDate "2016.??.??"]
[WhiteTeam "SC Eintracht Berlin"]
[BlackTeam "SK Tempelhof 1931"]

1. e4 e5 2. Nf3 Nf6 3. d3 Nc6 4. Nc3 Bb4 5. Bd2 O-O 6. a3 Bc5 7. Bg5 Be7 8. Be2
d5 9. Bxf6 Bxf6 10. Nxd5 Nd4 11. Nxf6+ Qxf6 12. Nxd4 exd4 13. O-O Qg5 14. f4
Qg6 15. Bh5 Qb6 16. Rb1 g6 17. Bf3 c5 18. Qe1 f5 19. e5 Be6 20. b3 Qc7 21. h4
Rac8 22. h5 b5 23. hxg6 hxg6 24. Qg3 Qg7 25. Qg5 Kf7 26. Kf2 Rh8 27. Rh1 Rxh1
28. Rxh1 c4 29. bxc4 bxc4 30. Rb1 Rc7 31. Rb7 Rxb7 32. Bxb7 cxd3 33. cxd3 Qf8
34. Qf6+ Ke8 35. Bc6+ 1-0

[Event "Lichtenberger Sommer 2016"]
[Site "?"]
[Date "2016.08.19"]
[Round "7.90"]
[White "Stiemerling, Andreas"]
[Black "Goroll, Hans-Juergen"]
[Result "1/2-1/2"]
[WhiteElo "1752"]
[BlackElo "1647"]
[PlyCount "52"]
[EventDate "2016.??.??"]
[WhiteTeam "SSV Rotation Berlin"]
[BlackTeam "Umweltbundesamt (FV Schach)"]

1. c4 e6 2. d4 d5 3. Nd2 Nf6 4. Ngf3 c5 5. g3 Nc6 6. Bg2 cxd4 7. O-O Be7 8. a3
a5 9. b3 O-O 10. Bb2 Bc5 11. Qc2 e5 12. cxd5 Qxd5 13. Rac1 Ba7 14. Ng5 Qd7 15.
Nge4 Nxe4 16. Bxe4 f5 17. Qc4+ Kh8 18. Bd5 Nd8 19. Bg2 h6 20. Nf3 Nc6 21. Nh4
Kh7 22. Rfd1 Qe6 23. Bd5 Qf6 24. Bxc6 Qxc6 25. Qxc6 bxc6 26. Rxc6 Rf7 1/2-1/2

[Event "Lichtenberger Sommer 2016"]
[Site "?"]
[Date "2016.08.19"]
[Round "7.91"]
[White "Bastian, Reinhard"]
[Black "Kreuchauf, Olaf"]
[Result "1-0"]
[WhiteElo "1441"]
[BlackElo "1777"]
[PlyCount "73"]
[EventDate "2016.??.??"]
[WhiteTeam "vereinslos"]
[BlackTeam "SC Eintracht Berlin"]

1. e4 c5 2. Nc3 g6 3. f4 d6 4. Nf3 Bg7 5. Bb5+ Nc6 6. Bxc6+ bxc6 7. d3 Rb8 8.
O-O e6 9. Qe1 Ne7 10. b3 O-O 11. Rb1 Ba6 12. Na4 c4 13. Qe2 cxd3 14. cxd3 Bb5
15. Bb2 Bxa4 16. Bxg7 Kxg7 17. bxa4 Qa5 18. Qc2 c5 19. Rb3 Rxb3 20. axb3 h6 21.
Rc1 Kh7 22. d4 Rc8 23. Qc3 Qb6 24. a5 Qb7 25. Qd3 a6 26. dxc5 Rxc5 27. Rxc5
dxc5 28. Ne5 Qa7 29. Qd7 Qxd7 30. Nxd7 c4 31. bxc4 Nc6 32. c5 Kg7 33. e5 Nxa5
34. Nb8 Kf8 35. c6 Nc4 36. c7 Nb6 37. Nd7+ 1-0

[Event "Lichtenberger Sommer 2016"]
[Site "?"]
[Date "2016.08.19"]
[Round "7.92"]
[White "Lippianowski, Stefan"]
[Black "Gräbnitz, Marc-Florian"]
[Result "0-1"]
[WhiteElo "1150"]
[BlackElo "1320"]
[PlyCount "74"]
[EventDate "2016.??.??"]
[WhiteTeam "SV Mattnetz Berlin"]
[BlackTeam "SC Eintracht Berlin"]

1. d4 d5 2. Nc3 e6 3. Bf4 c5 4. e3 Nf6 5. Nb5 Na6 6. Nf3 Bd7 7. Nd6+ Bxd6 8.
Bxd6 cxd4 9. Nxd4 Ba4 10. Bb5+ Bxb5 11. Nxb5 Qa5+ 12. Nc3 Qb6 13. Ba3 Nc5 14.
O-O O-O 15. b4 Ncd7 16. Na4 Qa6 17. Nc3 Qxa3 18. Ne2 Qxb4 19. Rb1 Qa3 20. g4
Nxg4 21. Ng3 Ngf6 22. Kh1 Qd6 23. Rg1 g6 24. c4 Qe5 25. Rb3 dxc4 26. Ra3 Qd5+
27. Qxd5 Nxd5 28. Nh5 N7f6 29. Ng3 a6 30. e4 Ne7 31. Rf3 Nd7 32. Rd1 Ne5 33.
Rc3 Nd3 34. Rc2 b5 35. Rg1 Nc6 36. h4 Nd4 37. Rd2 Nf3 0-1

[Event "Lichtenberger Sommer 2016"]
[Site "?"]
[Date "2016.08.19"]
[Round "7.93"]
[White "Völler, Lothar"]
[Black "Eichstädt, Torsten"]
[Result "1-0"]
[WhiteElo "1778"]
[BlackElo "1346"]
[PlyCount "77"]
[EventDate "2016.??.??"]
[WhiteTeam "FS Dortmund"]
[BlackTeam "SC Friesen Lichtenberg"]

1. c4 Nf6 2. Nc3 c6 3. g3 d5 4. cxd5 Nxd5 5. Bg2 e6 6. d4 c5 7. e4 Nxc3 8. bxc3
Nc6 9. Ne2 Be7 10. O-O O-O 11. Be3 b6 12. f4 Ba6 13. d5 exd5 14. exd5 Na5 15.
Qc2 f5 16. Rad1 Nc4 17. Bf2 Bd6 18. Rfe1 Na3 19. Qa4 Bxe2 20. Rxe2 c4 21. Re6
b5 22. Qa6 Rf6 23. Rde1 Qd7 24. Rxf6 gxf6 25. Re6 Be7 26. Rxe7 Qxe7 27. d6 Qe2
28. Qxa3 Qd1+ 29. Bf1 Rd8 30. Qxa7 Rxd6 31. Qb8+ Kg7 32. Qxb5 Rd2 33. Qxc4 Qf3
34. Qc5 Rxa2 35. Qe3 Qd1 36. Qd3 Qc1 37. Qxf5 Qd2 38. Qg4+ Kf7 39. Bc4+ 1-0

[Event "Lichtenberger Sommer 2016"]
[Site "?"]
[Date "2016.08.19"]
[Round "7.94"]
[White "Kasper, Peter"]
[Black "Klühs, Gustaf"]
[Result "1-0"]
[WhiteElo "1778"]
[BlackElo "1407"]
[PlyCount "81"]
[EventDate "2016.??.??"]
[WhiteTeam "SG Eckturm (Berlin)"]
[BlackTeam "Borussia Friedrichsfelde"]

1. b4 e5 2. Bb2 d6 3. e3 Nf6 4. Nf3 Bg4 5. Be2 e4 6. Nd4 Bxe2 7. Nxe2 d5 8. a3
c6 9. d3 exd3 10. Qxd3 Be7 11. Nd2 Nbd7 12. Nf3 h6 13. Ng3 a5 14. b5 Nc5 15.
Qe2 a4 16. bxc6 bxc6 17. O-O O-O 18. Nf5 Qd7 19. Nxe7+ Qxe7 20. Nd4 Qc7 21. Nf5
Qd7 22. Nxh6+ Kh7 23. Bxf6 Kxh6 24. Bc3 Ne4 25. Bd2 Nxd2 26. Qxd2 Kh7 27. Qd4
Rh8 28. c4 Kg8 29. cxd5 Qd6 30. h3 cxd5 31. Rfd1 Rh5 32. e4 Ra5 33. Rd3 Qe5 34.
Qxe5 Rxe5 35. exd5 Rexd5 36. Rxd5 Rxd5 37. Re1 Rd3 38. Re3 Rb3 39. Kf1 Rxe3 40.
fxe3 Kf8 41. Ke2 1-0

[Event "Lichtenberger Sommer 2016"]
[Site "?"]
[Date "2016.08.19"]
[Round "7.95"]
[White "Stark, Steven"]
[Black "Mueller, Jörg René"]
[Result "0-1"]
[WhiteElo "1475"]
[BlackElo "1557"]
[PlyCount "122"]
[EventDate "2016.??.??"]
[WhiteTeam "BSC Rehberge"]
[BlackTeam "SC Zugzwang 95 (Berlin)"]

1. c4 c5 2. Nc3 g6 3. Nf3 Bg7 4. Ne4 b6 5. d3 Bb7 6. Ned2 f5 7. Qc2 Nf6 8. h3
O-O 9. Rb1 d5 10. b4 Qc7 11. bxc5 Qxc5 12. d4 Qc7 13. Ng5 Qd7 14. c5 h6 15.
Ngf3 Rc8 16. Ba3 Kh7 17. e3 Nc6 18. Bd3 e6 19. g4 Ne4 20. gxf5 exf5 21. Nb3 Bf6
22. h4 Kg7 23. Nbd2 a6 24. Rxb6 Rc7 25. Rb1 Rb8 26. Ke2 Bc8 27. Rxb8 Nxb8 28.
Rb1 Nc6 29. Rb6 Ra7 30. Rb1 Kh7 31. Qc1 Kg7 32. Nf1 Kh7 33. N1h2 Kg7 34. Qe1
Kh7 35. Bc2 Kg7 36. Kd1 Rb7 37. Bb3 f4 38. Kc1 fxe3 39. fxe3 Ne7 40. Rb2 Kh7
41. Rg2 Qc6 42. Nd2 Bf5 43. Nxe4 Bxe4 44. Rb2 Nf5 45. h5 gxh5 46. Ba4 Qc7 47.
Qe2 Rxb2 48. Bxb2 Bg5 49. Nf1 Ng3 50. Qh2 h4 51. Bc2 Bxc2 52. Qxc2+ Kg7 53. Qh2
Qa5 54. Nxg3 Qe1+ 55. Kc2 hxg3 56. Qh5 g2 57. Qe8 Qe2+ 58. Kb1 g1=Q+ 59. Bc1
Qb5+ 60. Qxb5 axb5 61. Kb2 Bxe3 0-1

[Event "Lichtenberger Sommer 2016"]
[Site "?"]
[Date "2016.08.19"]
[Round "7.96"]
[White "Petersen, Sophie"]
[Black "Wahner, Eberhard"]
[Result "1-0"]
[WhiteElo "1014"]
[BlackElo "1511"]
[PlyCount "65"]
[EventDate "2016.??.??"]
[WhiteTeam "SV Rüdersdorf"]
[BlackTeam "SC Eintracht Berlin"]

1. e4 e6 2. d4 d5 3. exd5 exd5 4. Bd3 Nf6 5. Nf3 Bg4 6. h3 Bh5 7. Bf4 Nc6 8. c3
Bd6 9. Bxd6 Qxd6 10. Nbd2 O-O 11. O-O Rfe8 12. Qc2 Bxf3 13. Nxf3 h6 14. Rae1 a6
15. Ne5 Nxe5 16. dxe5 Rxe5 17. Rxe5 Qxe5 18. Qd2 Qd6 19. Re1 b5 20. Qe2 Kf8 21.
g3 c5 22. a3 Qd7 23. Qc2 Qxh3 24. Bf5 Qh5 25. Kg2 Ne4 26. Bxe4 dxe4 27. Qxe4
Kg8 28. Qxa8+ Kh7 29. Qe4+ Kg8 30. Qf3 Qg6 31. Re8+ Kh7 32. g4 f6 33. Qf5 1-0

[Event "Lichtenberger Sommer 2016"]
[Site "?"]
[Date "2016.08.19"]
[Round "7.97"]
[White "Caglar, Erdal"]
[Black "Gutewort, Paul Emil"]
[Result "1-0"]
[WhiteElo "1520"]
[BlackElo "1578"]
[PlyCount "85"]
[EventDate "2016.??.??"]
[WhiteTeam "SW Lichtenrade"]
[BlackTeam "SF Nordost Berlin"]

1. Nf3 d5 2. d3 Nf6 3. g3 Bg4 4. Bg2 e6 5. O-O Bd6 6. Re1 Nbd7 7. Nbd2 O-O 8.
Nf1 c5 9. c3 Rc8 10. Qa4 a6 11. e4 Bxf3 12. Bxf3 Nb6 13. Qc2 Qe7 14. Qe2 Nbd7
15. h4 Rfe8 16. Bg5 Qd8 17. Nh2 h6 18. Bd2 Qb6 19. Rab1 Kh8 20. Ng4 Nxg4 21.
Bxg4 Nf6 22. Bh3 dxe4 23. dxe4 Nd7 24. Be3 Qc6 25. Bg2 e5 26. Rbd1 Nf6 27. Qd2
Rcd8 28. f3 b5 29. Qc1 Kh7 30. Bh3 Rf8 31. Bf5+ g6 32. Bh3 Ng8 33. Qc2 Ne7 34.
Qc1 Ng8 35. Re2 h5 36. Red2 a5 37. b3 Nh6 38. Rd5 Ng8 39. Qd2 Be7 40. Kg2 Rxd5
41. Qxd5 Qc7 42. Qd7 Qd8 43. Qxd8 1-0

[Event "Lichtenberger Sommer 2016"]
[Site "?"]
[Date "2016.08.19"]
[Round "7.98"]
[White "Gläsmann, Christian"]
[Black "Klühs, Isabel"]
[Result "0-1"]
[WhiteElo "1518"]
[BlackElo "1095"]
[PlyCount "70"]
[EventDate "2016.??.??"]
[WhiteTeam "SC Erkrath"]
[BlackTeam "Borussia Friedrichsfelde"]

1. e4 c5 2. c3 Nc6 3. Nf3 d6 4. Bb5 Bd7 5. d4 cxd4 6. Bxc6 Bxc6 7. cxd4 Nf6 8.
d5 Bd7 9. Nc3 g6 10. O-O Bg7 11. e5 dxe5 12. Nxe5 O-O 13. Nxd7 Qxd7 14. Rb1
Rad8 15. Be3 b6 16. Bd4 Nxd5 17. Bxg7 Kxg7 18. Re1 Nxc3 19. bxc3 Qxd1 20. Rbxd1
Rxd1 21. Rxd1 Rc8 22. Rc1 Rd8 23. Kf1 Rd2 24. Re1 e6 25. a4 Rc2 26. Re3 Ra2 27.
Re4 Rd2 28. Ke1 Rd5 29. Rd4 Rxd4 30. cxd4 Kf6 31. Ke2 e5 32. d5 Ke7 33. Ke3 Kd6
34. Ke4 f5+ 35. Kd3 Kxd5 0-1

[Event "Lichtenberger Sommer 2016"]
[Site "?"]
[Date "2016.08.19"]
[Round "7.99"]
[White "Chung, Nicholas"]
[Black "Hoffmann, Kay"]
[Result "1/2-1/2"]
[WhiteElo "1402"]
[BlackElo "984"]
[PlyCount "30"]
[EventDate "2016.??.??"]
[WhiteTeam "TuS Makkabi Berlin"]
[BlackTeam "SC Eintracht Berlin"]

1. e4 d5 2. exd5 Qxd5 3. Nc3 Qa5 4. g3 c6 5. d4 Nf6 6. Bg2 Bf5 7. Bd2 Qc7 8.
Qf3 e6 9. Rc1 Bd6 10. Nge2 Nbd7 11. Bf4 Bxf4 12. Nxf4 Qb6 13. Qd1 Qxb2 14. Nfe2
Rb8 15. Qd2 Qb6 1/2-1/2

[Event "Lichtenberger Sommer 2016"]
[Site "?"]
[Date "2016.08.19"]
[Round "7.100"]
[White "Caglar, Bertan"]
[Black "Geist, Wolfgang"]
[Result "1/2-1/2"]
[WhiteElo "1152"]
[BlackElo "1447"]
[PlyCount "47"]
[EventDate "2016.??.??"]
[WhiteTeam "SW Lichtenrade"]
[BlackTeam "SC Weisse Dame (Berlin)"]

1. Nf3 d5 2. g3 c6 3. Bg2 Nf6 4. d3 e6 5. O-O Be7 6. Nbd2 O-O 7. e4 dxe4 8.
dxe4 Qc7 9. e5 Nd5 10. c4 Nb6 11. b3 Rd8 12. Qc2 N6d7 13. Ne4 Nxe5 14. Nxe5
Qxe5 15. Bf4 Qa5 16. a3 Rd7 17. b4 Qd8 18. Rad1 Rxd1 19. Rxd1 Nd7 20. h4 Qe8
21. Bd6 f5 22. Bxe7 Qxe7 23. Nd6 Nf6 24. c5 1/2-1/2

[Event "Lichtenberger Sommer 2016"]
[Site "?"]
[Date "2016.08.19"]
[Round "7.101"]
[White "Toth, Hans-Jürgen"]
[Black "Lieger, Lucas"]
[Result "1-0"]
[WhiteElo "1623"]
[BlackElo "1239"]
[PlyCount "111"]
[EventDate "2016.??.??"]
[WhiteTeam "SF Zehdenick"]
[BlackTeam "SC Eintracht Berlin"]

1. f4 d5 2. Nf3 e6 3. e3 f5 4. b3 Nf6 5. Bb2 Bd6 6. Be2 c6 7. O-O O-O 8. a4
Nbd7 9. Nd4 Qe7 10. c4 Re8 11. Rf3 g6 12. Rh3 Qg7 13. g4 Re7 14. g5 Ne8 15. Bc3
c5 16. Nxf5 Qf8 17. Nh6+ Qxh6 18. Rxh6 b6 19. Na3 Bb7 20. Qc2 Nc7 21. Nb5 Nxb5
22. axb5 e5 23. fxe5 Bxe5 24. Bxe5 Rxe5 25. h4 d4 26. Rf1 Rf8 27. Rxf8+ Nxf8
28. Bd3 dxe3 29. dxe3 Rxe3 30. Kf2 Rf3+ 31. Ke1 Re3+ 32. Kd2 Rh3 33. Kc3 Be4
34. Qe2 Bxd3 35. Qxd3 Rxd3+ 36. Kxd3 Kf7 37. h5 Ke6 38. Ke4 Kd6 39. hxg6 hxg6
40. Rh8 Ne6 41. Rg8 Nxg5+ 42. Kd3 Nf3 43. Rxg6+ Kc7 44. Rg7+ Kb8 45. Kc3 Nd4
46. b4 Ne2+ 47. Kd2 Nd4 48. bxc5 bxc5 49. Kd3 Ne6 50. Rh7 Nc7 51. Ke4 Kb7 52.
Ke5 Kb6 53. Rh6+ Kb7 54. Kd6 Kb6 55. Kd7+ Kb7 56. Rc6 1-0

[Event "Lichtenberger Sommer 2016"]
[Site "?"]
[Date "2016.08.19"]
[Round "7.102"]
[White "Motsch, Sebastian"]
[Black "Dittrich, Hans-Juergen"]
[Result "1-0"]
[WhiteElo "1036"]
[BlackElo "1345"]
[PlyCount "57"]
[EventDate "2016.??.??"]
[WhiteTeam "Ludwigsfelder SC"]
[BlackTeam "vereinslos"]

1. e4 e5 2. Nf3 Nc6 3. Bc4 Bc5 4. O-O Nf6 5. Nc3 O-O 6. d3 d6 7. h3 Re8 8. Bg5
h6 9. Bxf6 Qxf6 10. Nd5 Qd8 11. c3 Be6 12. Re1 Ne7 13. b4 Bxd5 14. exd5 Bb6 15.
d4 Ng6 16. Bb3 exd4 17. Nxd4 Qf6 18. a4 Rxe1+ 19. Qxe1 Bxd4 20. cxd4 Qxd4 21.
Rc1 Rc8 22. Rc4 Qf6 23. Re4 Kf8 24. a5 Ne5 25. Qe2 a6 26. Ba4 c6 27. dxc6 bxc6
28. Qxa6 d5 29. Qxc8+ 1-0

[Event "Lichtenberger Sommer 2016"]
[Site "?"]
[Date "2016.08.20"]
[Round "8.1"]
[White "Poetsch, Hagen"]
[Black "Dobrov, Vladimir"]
[Result "1-0"]
[WhiteElo "2501"]
[BlackElo "2510"]
[PlyCount "95"]
[EventDate "2016.??.??"]
[WhiteTeam "SF Schöneck"]
[BlackTeam "Perovo Moscow"]

1. e4 c5 2. Nf3 Nc6 3. d4 cxd4 4. Nxd4 Qb6 5. Nb3 Nf6 6. Nc3 e6 7. Bd3 a6 8.
Be3 Qc7 9. f4 Bb4 10. O-O Bxc3 11. bxc3 d6 12. Nd2 e5 13. Nc4 exf4 14. Rxf4 Be6
15. Nb6 Rb8 16. c4 Ne5 17. Rb1 Nfd7 18. Nd5 Bxd5 19. exd5 g6 20. h4 h5 21. Qd2
b6 22. Rbf1 f5 23. Bd4 Qd8 24. Qb4 Qe7 25. Qa4 a5 26. Bxf5 gxf5 27. Rxf5 Kd8
28. Be3 Qe8 29. Bg5+ Kc8 30. Qa3 Kc7 31. Bf4 Qg6 32. Bxe5 dxe5 33. c5 Qg4 34.
d6+ Kc6 35. cxb6 Qd4+ 36. Kh1 Qxh4+ 37. Kg1 Qd4+ 38. Kh1 Rxb6 39. Qxa5 Qb4 40.
Qa7 Qh4+ 41. Kg1 Rb7 42. Qa6+ Rb6 43. Qa7 Qd4+ 44. Kh1 Qxd6 45. R5f3 Rc8 46.
Rd3 Qe6 47. Rxd7 Rb4 48. Rfd1 1-0

[Event "Lichtenberger Sommer 2016"]
[Site "?"]
[Date "2016.08.20"]
[Round "8.2"]
[White "Ahmadinia, Ebrahim"]
[Black "Morawietz, Dieter"]
[Result "1-0"]
[WhiteElo "2357"]
[BlackElo "2424"]
[PlyCount "65"]
[EventDate "2016.??.??"]
[WhiteTeam "SF 1903 Berlin"]
[BlackTeam "Klub Kölner SF"]

1. e4 e6 2. Nf3 d5 3. Nc3 d4 4. Ne2 c5 5. Ng3 Nc6 6. a3 Nf6 7. Bc4 Bd6 8. d3 b5
9. Ba2 Qc7 10. O-O O-O 11. Qe2 Bb7 12. Nh4 Bf4 13. Bd2 Rfd8 14. Nf3 Rac8 15.
Rfe1 Bxd2 16. Qxd2 Nd7 17. Nh5 h6 18. Qe2 Nf8 19. Nd2 Qe7 20. f4 Qh4 21. Rf1
Re8 22. f5 Ne5 23. Rf4 Qd8 24. Raf1 Rc7 25. Nf3 exf5 26. Rxf5 Nfg6 27. Nxe5
Nxe5 28. Qf2 Kh8 29. Bxf7 Nxf7 30. Rxf7 Rxf7 31. Qxf7 Re7 32. Qf5 Qc7 33. Qg6
1-0

[Event "Lichtenberger Sommer 2016"]
[Site "?"]
[Date "2016.08.20"]
[Round "8.3"]
[White "Rosmann, Ilja"]
[Black "Figura, Atila Gajo"]
[Result "0-1"]
[WhiteElo "2289"]
[BlackElo "2374"]
[PlyCount "72"]
[EventDate "2016.??.??"]
[WhiteTeam "Königsspr. SC"]
[BlackTeam "SC Kreuzberg"]

1. e4 c6 2. c4 e5 3. Nf3 d6 4. Nc3 Nf6 5. d4 Nbd7 6. Be2 Be7 7. O-O O-O 8. d5
Nc5 9. Qc2 cxd5 10. cxd5 Qc7 11. Ne1 Bd7 12. f3 Rfc8 13. Bd2 b5 14. b4 Na4 15.
Rc1 Nxc3 16. Qxc3 Qb7 17. Qb2 Rxc1 18. Qxc1 Rc8 19. Qb2 Bd8 20. Nc2 Bb6+ 21.
Kh1 Nh5 22. Rc1 a6 23. g3 g6 24. Na1 f5 25. Rxc8+ Qxc8 26. Nb3 fxe4 27. fxe4
Bg4 28. Qc1 Qxc1+ 29. Nxc1 Bxe2 30. Nxe2 Nf6 31. Kg2 Nxe4 32. Be1 Nf6 33. Nc3
Bd4 34. Ne2 Bb2 35. Bc3 Ba3 36. Kf3 Kf7 0-1